Visual complex analysis

Saved in:
Bibliographic Details
Main Author: Needham, Tristan
Format: Book
Published: Oxford University Press
Tags: Add Tag
No Tags, Be the first to tag this record!

MARC

LEADER 00000nam a2200000Ia 4500
005 20260515061617.0
100 |a Needham, Tristan, 
020 |a 9780192868923 
942 |c BK 
245 |a Visual complex analysis  
260 |b Oxford University Press 
999 |c 57  |d 57 
952 |0 0  |1 0  |4 0  |7 0  |a ABDN  |b ABDN  |d 2026-05-15  |l 0  |p 000056  |r 2026-05-15 06:16:17  |w 2026-05-15  |y BK